<?xml version="1.0" encoding="UTF-8"?>
<marc:record xmlns:marc="http://www.loc.gov/MARC21/slim">
   <marc:leader>00000nam a2200000 a 4500</marc:leader>
   <marc:datafield ind1="1" ind2=" " tag="100">
      <marc:subfield code="a">Valentin, Kristina</marc:subfield>
      <marc:subfield code="4">aut</marc:subfield>
      <marc:subfield code="e">Verfasser/-in</marc:subfield>
   </marc:datafield>
   <marc:datafield ind1="0" ind2="0" tag="245">
      <marc:subfield code="a">Ein Sommer und ein ganzes Leben</marc:subfield>
   </marc:datafield>
   <marc:datafield ind1="0" ind2="0" tag="245">
      <marc:subfield code="b">Roman</marc:subfield>
   </marc:datafield>
   <marc:datafield ind1=" " ind2="1" tag="264">
      <marc:subfield code="b">Ludwig Verlag</marc:subfield>
      <marc:subfield code="c">2018</marc:subfield>
   </marc:datafield>
   <marc:datafield ind1="1" ind2=" " tag="520">
      <marc:subfield code="a">Katharina denkt an ihre Kinder, sie denkt an ihre Kunden, und viel zu selten denkt sie an sich selbst. Bis sie ihren neuen Nachbarn David kennenlernt, der sie charmant und schlagfertig zum Lachen bringt. David sitzt im Rollstuhl und schweigt über seine Vergangenheit genauso hartnäckig wie Katharina über ihren großen Schmerz. Immer wieder begegnen sich die beiden im Garten unter der alten Kastanie. Und für Katharina beginnt der überraschendste Sommer ihres Lebens.</marc:subfield>
   </marc:datafield>
   <marc:datafield ind1=" " ind2=" " tag="020">
      <marc:subfield code="a">9783453359239</marc:subfield>
      <marc:subfield code="9">9783453359239</marc:subfield>
   </marc:datafield>
</marc:record>
